Normal view
MARC view
- Glover, J. Duncan
Entry Personal Name
001 - CONTROL NUMBER
- control field: 112210
003 - CONTROL NUMBER IDENTIFIER
- control field: NUST
005 - DATE AND TIME OF LATEST TRANSACTION
- control field: 20230509092440.0
008 - FIXED-LENGTH DATA ELEMENTS
- fixed length control field: 230509|| aca||aabn | a|a d
040 ## - CATALOGING SOURCE
- Original cataloging agency: NUST
- Transcribing agency: NUST
100 ## - HEADING--PERSONAL NAME
- Personal name: Glover, J. Duncan
670 ## - SOURCE DATA FOUND
- Source citation: Work cat.: (NUST): Glover, J. Duncan, Power System Analysis and Design
